PHYSICO-CHEMICAL PROPERTIES OF ESTERO REAL VIRUS

Bibliographic Details
Main Authors: Málková, D. (Author), Holubová, J. (Author)
Format: Article
Language:English

MARC

LEADER 00000nab a2200000uu 4500
001 vtls011455792
003 SK-MaSNL
005 20260303151503.0
008 230222|1987 xo |||||||||||||||||eng|
015 |a SNBRB 
035 |a (urnnbn)urn:nbn:sk:snk:ar-a0808a 
035 |a (uuid)4007dd8c-8852-4462-b9ea-3e6fefc9d3b4 
035 |a urn:nbn:sk:snk-abcqrb 
040 |a SNKBUCL  |b slo  |c SNKBUCL  |e AACR2 
041 0 |a eng 
044 |a xo  |c SK 
100 1 |a Málková, D.  |4 aut  |9 933438 
245 1 0 |a PHYSICO-CHEMICAL PROPERTIES OF ESTERO REAL VIRUS  |c D. Málková, J. Holubová 
700 1 |a Holubová, J.  |4 aut  |9 803470 
773 0 |t Acta virologica : international journal  |g Roč. 31, č. 3 (1987), s. 265-268 
958 |a OND 
958 |a EUIPO 
958 |a article16 
999 |c 2017909  |d 2019839